=LDR 00000nam 2200000 4500 =001 INLIS000000000022098 =005 20130612120905 =008 ***********************************Ind** =035 ##$$0010-061300000022098 =041 ##$$a Ind =082 ##$$a F Rom K =090 ##$$a F Rom K, Wol k =100 ##$$a Wolf, Stefan =245 ##$$a Kasus stop, Si kembar terancam bahaya, Stefan Wolf =260 ##$$a 1991 $b Jakarta =300 ##$$a 254 hlm, 15 cm =650 ##$$a Fiksi kanak-kanak =850 ##$$a NBPNMAT